[Event "EU Union-ch U14"]
[Site "Kouty nad Desnou"]
[Date "2023.08.22"]
[Round "7"]
[White "Valean, David Andrei"]
[Black "Boyadzhieva, Katerina"]
[Result "1-0"]
[WhiteElo "1648"]
[BlackElo "1152"]
[PlyCount "71"]
[EventDate "2023.08.16"]
[EventType "swiss"]
[EventRounds "9"]
[EventCountry "CZE"]
[SourceTitle "EXT 2024"]
[Source "ChessBase"]
[SourceDate "2023.10.10"]
[SourceVersion "1"]
[SourceVersionDate "2023.10.10"]
[SourceQuality "1"]

1. e4 d6 2. d4 Nf6 3. Nc3 g6 4. Nf3 Bg7 5. Be2 0-0 6. 0-0 c5 7. d5 e6 8. dxe6 Bxe6 9. Bf4 d5 10. exd5 Nxd5 11. Nxd5 Qxd5 12. Qxd5 Bxd5 13. c4 Be6 14. Bd6 Rc8 15. Ng5 Bf5 16. g4 Bd7 17. Rad1 Na6 18. b3 Bc6 19. Bf3 Bxf3 20. Nxf3 Nb4 21. Rd2 b6 22. a3 Nc6 23. Rfd1 Nd4 24. Nxd4 Bxd4 25. Bf4 Re8 26. Kg2 Re6 27. h3 Rae8 28. Kf1 Kg7 29. Bg5 h6 30. Bf4 h5 31. gxh5 gxh5 32. h4 Kg6 33. Rd3 Kf5 34. Bc1 Kg4 35. Rg3+ Kxh4 36. Bg5# 1-0